Thiết kế đường ô tô /
Kaydedildi:
| Yazar: | |
|---|---|
| Materyal Türü: | Kitap |
| Dil: | Vietnamese |
| Baskı/Yayın Bilgisi: |
H. :
Giáo dục ,
2002
|
| Konular: | |
| Etiketler: |
Etiketle
Etiket eklenmemiş, İlk siz ekleyin!
|
| Thư viện lưu trữ: | Thư viện Trường CĐ Kỹ Thuật Cao Thắng |
|---|
| LEADER | 00634nam a2200193 a 4500 | ||
|---|---|---|---|
| 001 | TVCDKTCT35 | ||
| 003 | Thư viện trường Cao đẳng Kỹ thuật Cao Thắng | ||
| 005 | 20050728000000 | ||
| 008 | 050728 | ||
| 980 | \ | \ | |a Thư viện Trường CĐ Kỹ Thuật Cao Thắng |
| 024 | |a RG_1 #1 eb0 i1 | ||
| 041 | 0 | # | |a vie |
| 082 | # | # | |a 625.725 / |b Đ450CH-TH |
| 100 | 1 | # | |a Đỗ Bá Chương |
| 245 | 0 | 0 | |a Thiết kế đường ô tô / |c Đỗ Bá Chương |
| 260 | # | # | |a H. : |b Giáo dục , |c 2002 |
| 300 | # | # | |a 152tr. ; |c 27 cm |
| 650 | # | 4 | |a Đường bộ--Thiết kế |
| 650 | # | 4 | |a Đường ôtô |